El cáncer de la próstata: un texto con una revisión de la literatura (Registro nro. 9121)

Detalles MARC
000 -Cabecera
Campo de control de longitud fija 00641ntm a22002417a 4500
005 - Fecha y hora de la última transacción
Campo de control 20250911151355.0
008 - Elementos de longitud fija--Información general
Campo de control de longitud fija 170323b1998 xxu||||| |||| 00| 0 spa d
020 ## - International Standard Book Number
Número Internacional Estándar del Libro (ISBN) 9977675112
041 ## - Idioma
Código de idioma Español
082 ## - Clasificación Decimal Dewey
Número de clasificación 616.994.63 G984c
100 ## - Entrada principal--Autor personal
Nombre personal Gutiérrez Góngora, Jaime
9 (RLIN) 17727
245 ## - Título propiamente dicho
Título El cáncer de la próstata: un texto con una revisión de la literatura
260 ## - Pie de imprenta
Lugar de publicación, distribución, etc. Costa Rica
260 ## - Pie de imprenta
Nombre del editor, distribuidor, etc. EUCR
260 ## - Pie de imprenta
Fecha de publicación, distribución, etc. 1998
300 ## - Descripción física
Extensión 312 páginas
490 ## - Serie
Título de la Serie Temática General
650 ## - Materia general
Temática (materia general) CÁNCER DE PRÓSTATA
650 ## - Materia general
Temática (materia general) DIAGNÓSTICO Y TRATAMIENTO
650 ## - Materia general
Temática (materia general) PATOLOGÍA
650 ## - Materia general
Temática (materia general) CIRUGÍA
942 ## - Punto de acceso adicional KOHA
Tipo de ítem KOHA Libro
Fuente del sistema de clasificación o colocación Dewey Decimal Classification
Existencias
Signatura completa Código de barras Programa Académico Tipo de ítem
616.994.63 G984c 21815 Temática General Libro